| 000 | 01362nam a22003737a 4500 | ||
|---|---|---|---|
| 001 | 000041462 | ||
| 003 | CHAP | ||
| 005 | 20220329135657.0 | ||
| 008 | 971013s1967 r 00010 d | ||
| 010 | _a40404 | ||
| 011 | _a41376 | ||
| 035 | _a45502 | ||
| 040 | _cCHAP | ||
| 090 | _aFolleto 2264 | ||
| 110 | 2 |
_aENA. Colegio de Postgraduados. Chapingo, Méx. Centro de Economía Agrícola _936680 |
|
| 245 | 1 | 0 | _aEstadísticas del crédito agrícola ; memoria del seminario sobre estadística del crédito agrícola... |
| 260 |
_aChapingo, Méx. : _bEl autor, _c1967. |
||
| 300 | _a71 p. | ||
| 590 |
_aBATCH-UPD _b10 _c20130110 _lUCH01 _h0223 |
||
| 590 |
_aBATCH-UPD _b10 _c20130110 _lUCH01 _h2216 |
||
| 590 |
_aBATCH-UPD _b10 _c20130409 _lUCH01 _h2245 |
||
| 590 |
_aBATCH-UPD _b10 _c20130410 _lUCH01 _h1516 |
||
| 590 |
_aBATCH-UPD _b10 _c20130914 _lUCH01 _h1101 |
||
| 590 |
_aCONVERSION _b10 _c20130109 _lUCH01 _h1322 |
||
| 590 |
_aE5995AHE _b05 _c20150203 _lUCH01 _h1106 |
||
| 590 |
_aE5995AHE _b05 _c20150203 _lUCH01 _h1316 |
||
| 650 | 1 | 4 |
_aCrédito agrícola _xEstadísticas. _929054 |
| 711 | 0 |
_aSeminario sobre Estadísticas del Crédito Agrícola. (1967 : Chapingo, Méx.) _9104294 |
|
| 901 | _aBK | ||
| 942 | _cFOLL | ||
| 942 | _n0 | ||
| 949 |
_aFolleto 2264 _bBC _cFOLL _d-103912 _eTS1 _i45502 _si |
||
| 949 |
_aFolleto 2264 _bBC _cUACH _d-103914 _eUACH _fc.2 _i45502 _si |
||
| 999 |
_c40404 _d40404 |
||